[Event "SVK-chT2B 0708"]
[Site "Slovakia"]
[Date "2008.02.03"]
[Round "9.6"]
[White "Holeva, Marek"]
[Black "Detko, Rastislav"]
[Result "1-0"]
[WhiteElo "2034"]
[BlackElo "1896"]
[PlyCount "39"]
[EventDate "2007.10.06"]
[EventType "team-tourn"]
[EventRounds "11"]
[EventCountry "SVK"]
[SourceTitle "EXT 2010"]
[Source "ChessBase"]
[SourceDate "2010.11.25"]
[SourceVersion "1"]
[SourceVersionDate "2010.11.25"]
[SourceQuality "1"]
[WhiteTeam "Nitra SPU II"]
[BlackTeam "Prievidza SK II"]
[WhiteTeamCountry "SVK"]
[BlackTeamCountry "SVK"]

1. d4 Nf6 2. Nf3 e6 3. Bf4 b6 4. e3 Bb7 5. Bd3 Be7 6. Nbd2 0-0 7. Rg1 c5 8. c3 Nh5 9. Qc2 h6 10. Bxb8 Rxb8 11. g4 Nf6 12. g5 hxg5 13. Nxg5 cxd4 14. Rg3 Re8 15. Bh7+ Kf8 16. Nxf7 Qc7 17. Qg6 Qxg3 18. hxg3 Nxh7 19. Ne5 Ng5 20. Nxd7+ 1-0

[Event "SVK-chT2B 0708"]
[Site "Slovakia"]
[Date "2007.11.04"]
[Round "4.2"]
[White "Urban, Gabor"]
[Black "Holeva, Marek"]
[Result "1-0"]
[WhiteElo "1985"]
[BlackElo "2034"]
[PlyCount "57"]
[EventDate "2007.10.06"]
[EventType "team-tourn"]
[EventRounds "11"]
[EventCountry "SVK"]
[SourceTitle "EXT 2010"]
[Source "ChessBase"]
[SourceDate "2010.11.25"]
[SourceVersion "1"]
[SourceVersionDate "2010.11.25"]
[SourceQuality "1"]
[WhiteTeam "Batorove Kosihy"]
[BlackTeam "Nitra SPU II"]
[WhiteTeamCountry "SVK"]
[BlackTeamCountry "SVK"]

1. c4 e5 2. Nc3 g6 3. Nf3 Bg7 4. d4 Nc6 5. d5 Nce7 6. e4 d6 7. Be2 f5 8. 0-0 Nf6 9. Ng5 fxe4 10. Ncxe4 Nxe4 11. Nxe4 0-0 12. Bg4 Nf5 13. Rb1 h5 14. Bh3 Qh4 15. f3 Bh6 16. Bxh6 Nxh6 17. Bxc8 Raxc8 18. Qd2 Nf5 19. Rfe1 Kg7 20. Qg5 Qxg5 21. Nxg5 Nd4 22. Rbd1 Rf5 23. h4 a6 24. a3 Rb8 25. Rc1 a5 26. c5 Nb3 27. cxd6 Nxc1 28. dxc7 Rc8 29. d6 1-0

[Event "SVK-chT2B 0708"]
[Site "Slovakia"]
[Date "2007.10.06"]
[Round "1.3"]
[White "Rybar, Peter"]
[Black "Holeva, Marek"]
[Result "1/2-1/2"]
[WhiteElo "1860"]
[BlackElo "2034"]
[PlyCount "111"]
[EventDate "2007.10.06"]
[EventType "team-tourn"]
[EventRounds "11"]
[EventCountry "SVK"]
[SourceTitle "EXT 2010"]
[Source "ChessBase"]
[SourceDate "2010.11.25"]
[SourceVersion "1"]
[SourceVersionDate "2010.11.25"]
[SourceQuality "1"]
[WhiteTeam "Surany Lokomotiva"]
[BlackTeam "Nitra SPU II"]
[WhiteTeamCountry "SVK"]
[BlackTeamCountry "SVK"]

1. d4 Nf6 2. c4 e5 3. dxe5 Ng4 4. Nf3 Nc6 5. Bf4 Bb4+ 6. Nbd2 Qe7 7. e3 Ngxe5 8. Nxe5 Nxe5 9. Be2 0-0 10. 0-0 Ng6 11. Bg3 f5 12. a3 Bd6 13. Bxd6 Qxd6 14. Nf3 Qf6 15. Qd4 Qxd4 16. exd4 Nf4 17. Rfe1 Re8 18. Bf1 Rxe1 19. Rxe1 Kf7 20. g3 Nh5 21. Ne5+ Kf8 22. Bg2 d6 23. Nf3 Nf6 24. Ng5 h6 25. Ne6+ Bxe6 26. Rxe6 Kf7 27. Re3 Rb8 28. Rb3 Ne4 29. Bxe4 fxe4 30. f3 exf3 31. Rxf3+ Ke6 32. Re3+ Kd7 33. Rf3 Re8 34. Kf2 Re7 35. Re3 Rf7+ 36. Rf3 Rxf3+ 37. Kxf3 Ke6 38. Ke4 c6 39. g4 g6 40. h3 Kf6 41. Kf4 Ke6 42. Ke4 d5+ 43. cxd5+ cxd5+ 44. Kf4 g5+ 45. Ke3 Kd6 46. Kd3 Kc6 47. Kc3 Kb5 48. b3 a6 49. Kc2 Ka5 50. Kb2 b6 51. Kc3 Kb5 52. Kb2 Ka5 53. Kc3 b5 54. Kb2 Kb6 55. b4 a5 56. Kc3 1/2-1/2

[Event "SVK-ch op-B"]
[Site "Banska Stiavnica"]
[Date "2007.07.11"]
[Round "5"]
[White "Lengyel, Laszlo"]
[Black "Holeva, Marek"]
[Result "1-0"]
[WhiteElo "2162"]
[BlackElo "2035"]
[PlyCount "99"]
[EventDate "2007.07.07"]
[EventType "swiss"]
[EventRounds "9"]
[EventCountry "SVK"]
[SourceTitle "CBM 119 Extra"]
[Source "ChessBase"]
[SourceDate "2007.09.04"]
[SourceVersion "1"]
[SourceVersionDate "2007.09.04"]
[SourceQuality "1"]

1. e4 g6 2. c4 Bg7 3. Nc3 d6 4. g3 Nf6 5. Bg2 0-0 6. h3 Nc6 7. Nf3 e5 8. 0-0 Be6 9. d3 Qd7 10. Kh2 h6 11. Rb1 Nh5 12. b4 Nd4 13. Nxd4 exd4 14. Ne2 c6 15. f4 Nf6 16. g4 Qc7 17. f5 Bc8 18. Kh1 g5 19. Bd2 Nd7 20. Be1 Be5 21. Rf3 Nf6 22. Qc1 Qe7 23. Bd2 Ne8 24. h4 f6 25. Rh3 Rf7 26. Bf3 Rh7 27. Kg2 Nc7 28. Qc2 h5 29. gxh5 Kh8 30. Kf2 d5 31. Rg1 dxe4 32. dxe4 gxh4 33. Rxh4 Bd7 34. h6 Rd8 35. Qd3 Ne8 36. c5 b6 37. Rhg4 Qf7 38. Nc1 a5 39. Bd1 Nc7 40. Rg7 Qe8 41. cxb6 Nd5 42. exd5 cxd5 43. bxa5 Bb5 44. Rg8+ Qxg8 45. Rxg8+ Rxg8 46. Qxb5 Bg3+ 47. Kf1 Bh2 48. Bh5 Re7 49. Bg6 Re5 50. Qd7 1-0

[Event "SVK-ch U18"]
[Site "Liptovsky Mikulas"]
[Date "2007.04.26"]
[Round "8"]
[White "Holeva, Marek"]
[Black "Liptak, Tomas"]
[Result "1-0"]
[WhiteElo "2135"]
[BlackElo "1970"]
[PlyCount "47"]
[EventDate "2007.04.22"]
[EventType "swiss"]
[EventRounds "9"]
[EventCountry "SVK"]
[SourceTitle "EXT 2008"]
[Source "ChessBase"]
[SourceDate "2007.11.25"]
[SourceVersion "1"]
[SourceVersionDate "2007.11.25"]
[SourceQuality "1"]

1. e4 c6 2. d3 d5 3. Nd2 Nd7 4. Ngf3 e5 5. g3 Ngf6 6. Bg2 d4 7. 0-0 Qc7 8. Re1 b5 9. c3 c5 10. a4 bxa4 11. Qxa4 Bb7 12. cxd4 cxd4 13. Nc4 Bc6 14. Qc2 Bb4 15. Bd2 Bxd2 16. Qxd2 0-0 17. Rec1 Rfc8 18. Bh3 Qb8 19. Nh4 g6 20. Qg5 Nh5 21. Nf5 f6 22. Qg4 Kh8 23. Ne7 Rc7 24. Nxc6 1-0

[Event "SVK-ch U18"]
[Site "Liptovsky Mikulas"]
[Date "2007.04.23"]
[Round "2"]
[White "Holeva, Marek"]
[Black "Farkas, Gabor"]
[Result "0-1"]
[WhiteElo "2135"]
[BlackElo "2298"]
[PlyCount "68"]
[EventDate "2007.04.22"]
[EventType "swiss"]
[EventRounds "9"]
[EventCountry "SVK"]
[SourceTitle "EXT 2008"]
[Source "ChessBase"]
[SourceDate "2007.11.25"]
[SourceVersion "1"]
[SourceVersionDate "2007.11.25"]
[SourceQuality "1"]

1. e4 e5 2. Nf3 Nc6 3. Bc4 Nf6 4. d3 Be7 5. 0-0 d6 6. h3 0-0 7. c3 Be6 8. Nbd2 Qd7 9. Re1 Bxc4 10. Nxc4 b5 11. Ne3 d5 12. Nf5 dxe4 13. Nxe7+ Qxe7 14. dxe4 Rfd8 15. Qe2 Rab8 16. Bg5 h6 17. Bh4 b4 18. Qc4 Rd6 19. Rad1 g5 20. Bg3 Nh5 21. Rd5 Nxg3 22. fxg3 bxc3 23. Qxc3 Re6 24. Red1 Qb4 25. Rd7 Qxb2 26. Qxb2 Rxb2 27. Rxc7 Rxa2 28. Rdd7 Rf6 29. Rc8+ Kg7 30. Rdc7 Nd4 31. Nxe5 Ra1+ 32. Kh2 Rff1 33. g4 Ne2 34. g3 Rf2# 0-1